Stratégie marketing, reklama, online, médiá

Uložené v:
Podrobná bibliografia
Médium: Seriál
Jazyk:Slovak
Vydavateľské údaje: Bratislava SANOMA MAGAZINES SLOVAKIA 2004
Predmet:
Tagy: Pridať tag
Žiadne tagy, Buďte prvý, kto otaguje tento záznam!

MARC

LEADER 00000nas2a22000001 4500
001 0069945
005 20080128140437.5
022 |a 1335-2016 
041 0 |a slo 
044 |a SK 
245 1 0 |a Stratégie  |b marketing, reklama, online, médiá 
264 1 |a Bratislava  |b SANOMA MAGAZINES SLOVAKIA  |c 2004 
773 0 |w eu_un_cat*s121017 
610 2 0 |a stratégia marketingová 
610 2 0 |a marketing 
610 2 0 |a reklama 
610 2 0 |a prostriedky masovokomunikačné